| Record ID | marc_western_washington_univ/wwu_bibs.mrc_revrev.mrc:717627262:1139 |
| Source | Western Washington University |
| Download Link | /show-records/marc_western_washington_univ/wwu_bibs.mrc_revrev.mrc:717627262:1139?format=raw |
LEADER: 01139cam 22003018a 4500
001 ocm44152191
003 OCoLC
005 20001128165705.0
008 000524r20001999enka b 001 0 eng d
020 $a0714839949
040 $aUKM$cUKM$dMNM$dNGU$dXFF
049 $aXFFA
090 $aNC999.4.R36$bH45 2000
100 1 $aHeller, Steven.
245 10 $aPaul Rand /$cSteven Heller.
260 $aLondon :$bPhaidon,$c2000.
300 $a255 p. :$bill. (some col.) ;$c29 cm.
500 $aOriginally published: 1999.
504 $aIncludes bibliographical references (p. 247-249) and index.
505 0 $aRoutes : the boy art director -- Advertising : modernism comes to Madison -- Publishing : the play instinct at work -- Corporate identity : good design is good business -- Paul Rand : author -- Paul Rand : the modern professor / by Jessica Helfand.
600 10 $aRand, Paul,$d1914-$xCriticism and interpretation.
650 0 $aGraphic arts$vPictorial works.
700 1 $aRand, Paul,$d1914-
907 $a.b19315922$bmulti$c-
902 $a070705
998 $b1$c001128$dm$ea$f-$g0
902 $ass
905 $aUpdate for heading report